[Event "Oberliga Ost-B 2122"]
[Site "Germany"]
[Date "2021.10.10"]
[Round "1.6"]
[White "Geske, Bruna"]
[Black "Nothnagel, Markus"]
[Result "1/2-1/2"]
[WhiteElo "1991"]
[BlackElo "2202"]
[PlyCount "81"]
[EventDate "2021.10.10"]
[EventType "team-tourn"]
[EventRounds "11"]
[EventCountry "GER"]
[SourceTitle "EXT 2023"]
[Source "ChessBase"]
[SourceDate "2022.10.05"]
[SourceVersion "1"]
[SourceVersionDate "2022.10.05"]
[SourceQuality "1"]
[WhiteTeam "Wiesbaden"]
[BlackTeam "Griesheim"]
[WhiteTeamCountry "GER"]
[BlackTeamCountry "GER"]

1. e4 e6 2. d4 d5 3. Nc3 Bb4 4. exd5 exd5 5. Bd3 c6 6. h3 Ne7 7. Qh5 Nd7 8. Bg5 Nf8 9. Nf3 Nfg6 10. 0-0 Be6 11. Rfe1 Qd7 12. Bxe7 Bxe7 13. Bxg6 fxg6 14. Qe5 Kf7 15. Qf4+ Kg8 16. Ne5 Qc8 17. Re2 Bf6 18. Rae1 g5 19. Qf3 Bd7 20. Na4 b6 21. Nc3 h5 22. Ng6 g4 23. Qf4 Qb8 24. Qxb8+ Rxb8 25. Nxh8 Kxh8 26. hxg4 hxg4 27. Rd1 Kg8 28. g3 Kf7 29. Rdd2 Rh8 30. Nd1 Bf5 31. Ne3 Be4 32. Ng2 Bf3 33. Re1 c5 34. dxc5 bxc5 35. c3 a5 36. Rd3 Rb8 37. b3 c4 38. bxc4 dxc4 39. Rd7+ Kg6 40. Nf4+ Kg5 41. Rd5+ 1/2-1/2

[Event "Hessenliga 1921"]
[Site "Hessen"]
[Date "2020.01.26"]
[Round "5.4"]
[White "Nothnagel, Markus"]
[Black "Lenz, Jonas"]
[Result "1/2-1/2"]
[WhiteElo "2210"]
[BlackElo "2092"]
[PlyCount "46"]
[EventDate "2019.09.22"]
[EventType "team-tourn"]
[EventRounds "9"]
[EventCountry "GER"]
[SourceTitle "EXT 2024"]
[Source "ChessBase"]
[SourceDate "2023.10.10"]
[SourceVersion "1"]
[SourceVersionDate "2023.10.10"]
[SourceQuality "1"]
[WhiteTeam "Griesheim II"]
[BlackTeam "Bad Homburg"]
[WhiteTeamCountry "GER"]
[BlackTeamCountry "GER"]

1. b3 Nf6 2. Bb2 g6 3. e4 d6 4. g3 Bg7 5. Bg2 c5 6. Ne2 Nc6 7. 0-0 e5 8. c3 d5 9. exd5 Nxd5 10. Na3 0-0 11. Nc4 Be6 12. d4 exd4 13. cxd4 b5 14. Ne5 Nxe5 15. dxe5 Rc8 16. Qd2 Nb4 17. Rfd1 Qxd2 18. Rxd2 Rfd8 19. Rxd8+ Rxd8 20. Bc3 Nc2 21. Rc1 Nd4 22. Nxd4 cxd4 23. Ba5 Rc8 1/2-1/2

[Event "Hessenliga 1921"]
[Site "Hessen"]
[Date "2019.12.01"]
[Round "4.7"]
[White "Nothnagel, Markus"]
[Black "Hagner, Bennet"]
[Result "1/2-1/2"]
[WhiteElo "2210"]
[BlackElo "1859"]
[PlyCount "97"]
[EventDate "2019.09.22"]
[EventType "team-tourn"]
[EventRounds "9"]
[EventCountry "GER"]
[SourceTitle "EXT 2024"]
[Source "ChessBase"]
[SourceDate "2023.10.10"]
[SourceVersion "1"]
[SourceVersionDate "2023.10.10"]
[SourceQuality "1"]
[WhiteTeam "Griesheim II"]
[BlackTeam "Frankfurt TV"]
[WhiteTeamCountry "GER"]
[BlackTeamCountry "GER"]

1. b3 d5 2. Bb2 Nf6 3. e3 c5 4. f4 Nc6 5. Bb5 e6 6. Bxc6+ bxc6 7. Nf3 Ba6 8. d3 Be7 9. Nbd2 Ng4 10. Qe2 Bf6 11. Bxf6 Qxf6 12. 0-0 Qc3 13. Rac1 0-0 14. h3 Nf6 15. Rfe1 Rfd8 16. Ne5 Rac8 17. e4 h6 18. Kh2 Rc7 19. Qf2 Nd7 20. Nef3 Re8 21. a4 Kh7 22. Re3 d4 23. Re2 Bxd3 24. Ree1 Ba6 25. Qg3 c4 26. e5 Nc5 27. f5 cxb3 28. cxb3 Qb4 29. Rxc5 Qxc5 30. Ne4 Qf8 31. Nxd4 c5 32. Nf3 exf5 33. Nd6 Re6 34. Nxf5 Bb7 35. Rd1 Bxf3 36. Rd8 Rg6 37. Rxf8 Rxg3 38. Kxg3 Bd5 39. Rb8 c4 40. bxc4 Rxc4 41. Ne3 Rc3 42. Kf2 Rc5 43. Nxd5 Rxd5 44. Rb5 Rxb5 45. axb5 Kg6 46. Ke3 Kf5 47. Kd4 Ke6 48. Ke4 h5 49. g3 1/2-1/2

[Event "Oberliga Ost-B 1920"]
[Site "Germany"]
[Date "2019.09.29"]
[Round "1.8"]
[White "Nothnagel, Markus"]
[Black "Bakiev, Diyor"]
[Result "1/2-1/2"]
[WhiteElo "2210"]
[BlackElo "2118"]
[PlyCount "35"]
[EventDate "2019.09.29"]
[EventType "team-tourn"]
[EventRounds "11"]
[EventCountry "GER"]
[SourceTitle "EXT 2021"]
[Source "ChessBase"]
[SourceDate "2020.10.23"]
[SourceVersion "1"]
[SourceVersionDate "2020.10.23"]
[SourceQuality "1"]
[WhiteTeam "Griesheim"]
[BlackTeam "Wiesbaden"]
[WhiteTeamCountry "GER"]
[BlackTeamCountry "GER"]

1. b3 e5 2. Bb2 Nc6 3. Nf3 e4 4. Nd4 Nxd4 5. Bxd4 d5 6. e3 Nf6 7. c4 c6 8. cxd5 Nxd5 9. Nc3 Bf5 10. Nxd5 Qxd5 11. Bc4 Qd7 12. 0-0 Bd6 13. f3 0-0 14. fxe4 Bxe4 15. Qh5 Bg6 16. Qg5 b5 17. Be2 Be7 18. Qg4 1/2-1/2

[Event "Hessenliga 1718"]
[Site "Hessen"]
[Date "2018.02.18"]
[Round "7.5"]
[White "Nothnagel, Markus"]
[Black "Knickel, Aaron"]
[Result "1/2-1/2"]
[WhiteElo "2241"]
[BlackElo "2148"]
[PlyCount "42"]
[EventDate "2017.09.17"]
[EventType "team-tourn"]
[EventRounds "9"]
[EventCountry "GER"]
[SourceTitle "CBM 189 Extra"]
[Source "ChessBase"]
[SourceDate "2019.05.31"]
[SourceVersion "1"]
[SourceVersionDate "2019.05.31"]
[SourceQuality "1"]
[WhiteTeam "Griesheim II"]
[BlackTeam "Neuberg II"]
[WhiteTeamCountry "GER"]
[BlackTeamCountry "GER"]

1. b3 e5 2. Bb2 d6 3. d4 exd4 4. Qxd4 Nf6 5. c4 Nc6 6. Qd2 d5 7. cxd5 Bb4 8. Nc3 Nxd5 9. e4 Nxc3 10. Bxc3 Qxd2+ 11. Bxd2 0-0 12. Bb5 Bxd2+ 13. Kxd2 Nd4 14. Bd3 Be6 15. Ne2 Rfd8 16. Kc3 c5 17. Rhd1 Nxe2+ 18. Bxe2 f6 19. a3 Kf7 20. f4 Ke7 21. g3 Rac8 1/2-1/2

[Event "Hessenliga 1718"]
[Site "Hessen"]
[Date "2018.01.28"]
[Round "6.6"]
[White "Nothnagel, Markus"]
[Black "Rothenbacher, Jochen"]
[Result "1/2-1/2"]
[WhiteElo "2241"]
[BlackElo "2138"]
[PlyCount "31"]
[EventDate "2017.09.17"]
[EventType "team-tourn"]
[EventRounds "9"]
[EventCountry "GER"]
[SourceTitle "CBM 189 Extra"]
[Source "ChessBase"]
[SourceDate "2019.05.31"]
[SourceVersion "1"]
[SourceVersionDate "2019.05.31"]
[SourceQuality "1"]
[WhiteTeam "Griesheim II"]
[BlackTeam "Bad Nauheim"]
[WhiteTeamCountry "GER"]
[BlackTeamCountry "GER"]

1. b3 e5 2. Bb2 d6 3. d4 Nc6 4. Nf3 e4 5. d5 exf3 6. dxc6 bxc6 7. exf3 Nf6 8. Bd3 Be7 9. 0-0 0-0 10. c4 Nd7 11. Nc3 Bf6 12. Qd2 Nc5 13. Bc2 a5 14. Rab1 Be6 15. Rfd1 g6 16. Ne4 1/2-1/2

[Event "Hessenliga 1516"]
[Site "Germany"]
[Date "2016.02.14"]
[Round "7.8"]
[White "Bogucanin, Mirsad"]
[Black "Nothnagel, Markus"]
[Result "0-1"]
[WhiteElo "1923"]
[BlackElo "2241"]
[PlyCount "82"]
[EventDate "2015.09.27"]
[EventType "team-tourn"]
[EventRounds "9"]
[EventCountry "GER"]
[SourceTitle "EXT 2018"]
[Source "ChessBase"]
[SourceDate "2017.10.13"]
[SourceVersion "1"]
[SourceVersionDate "2017.10.13"]
[SourceQuality "1"]
[WhiteTeam "Offenbach"]
[BlackTeam "Griesheim II"]
[WhiteTeamCountry "GER"]
[BlackTeamCountry "GER"]

1. d4 e6 2. Nf3 f5 3. g3 Nf6 4. Bg2 d5 5. 0-0 Bd6 6. c4 c6 7. cxd5 exd5 8. Bg5 Nbd7 9. Qb3 0-0 10. Nc3 h6 11. Bf4 Qc7 12. e3 g5 13. Bxg5 hxg5 14. Nxg5 Re8 15. e4 fxe4 16. Ncxe4 Nxe4 17. Bxe4 Nf6 18. Bg6 Re7 19. Qf3 Kg7 20. Bc2 Bg4 21. Qd3 Bh5 22. g4 Be8 23. Rae1 Qd7 24. f3 Kg8 25. Rxe7 Qxe7 26. h4 Bf4 27. Qf5 Be3+ 28. Kg2 Bd7 29. Qd3 Bf4 30. Re1 Qg7 31. Ne6 Bxe6 32. Rxe6 Re8 33. Qf5 Rxe6 34. Qxe6+ Qf7 35. Qc8+ Qe8 36. Qxe8+ Nxe8 37. Kf2 Kg7 38. Bf5 Nd6 39. Bd3 Kf6 40. b3 Nf7 41. g5+ Kg7 0-1

[Event "Hessenliga 1415"]
[Site "Hessen"]
[Date "2015.03.22"]
[Round "8.7"]
[White "Novak, Volker"]
[Black "Nothnagel, Markus"]
[Result "1/2-1/2"]
[WhiteElo "2107"]
[BlackElo "2242"]
[PlyCount "54"]
[EventDate "2014.09.28"]
[EventType "team-tourn"]
[EventRounds "9"]
[EventCountry "GER"]
[SourceTitle "EXT 2016"]
[Source "ChessBase"]
[SourceDate "2015.10.08"]
[SourceVersion "1"]
[SourceVersionDate "2015.10.08"]
[SourceQuality "1"]
[WhiteTeam "Bad Homburg"]
[BlackTeam "Griesheim II"]
[WhiteTeamCountry "GER"]
[BlackTeamCountry "GER"]

1. Nf3 d5 2. g3 c6 3. Bg2 Bg4 4. b3 Nd7 5. Bb2 Ngf6 6. c4 e6 7. 0-0 Be7 8. d3 0-0 9. Nbd2 h6 10. Rc1 Qb6 11. Rc2 Rfd8 12. Qa1 a5 13. a3 Bh5 14. h3 Bg6 15. Ne5 Nxe5 16. Bxe5 Ne8 17. cxd5 exd5 18. Qb2 Rd7 19. Rfc1 f6 20. Bd4 Qb5 21. Nf3 Nd6 22. a4 Qa6 23. Bc5 Re8 24. Nd4 Nf5 25. Bf3 Bxc5 26. Rxc5 Nxd4 27. Qxd4 Bf7 1/2-1/2

[Event "BL2-Sued 1415"]
[Site "Germany"]
[Date "2015.01.18"]
[Round "5.8"]
[White "Reefschlaeger, Helmut"]
[Black "Nothnagel, Markus"]
[Result "1/2-1/2"]
[WhiteElo "2295"]
[BlackElo "2242"]
[PlyCount "26"]
[EventDate "2014.09.21"]
[EventType "team-tourn"]
[EventRounds "9"]
[EventCountry "GER"]
[SourceTitle "CBM 166 Extra"]
[Source "ChessBase"]
[SourceDate "2015.06.18"]
[SourceVersion "1"]
[SourceVersionDate "2015.06.18"]
[SourceQuality "1"]
[WhiteTeam "Baden-Baden II"]
[BlackTeam "Griesheim"]
[WhiteTeamCountry "GER"]
[BlackTeamCountry "GER"]

1. e4 e6 2. Qe2 c5 3. b3 Nc6 4. Bb2 Nf6 5. Nf3 d5 6. exd5 Nxd5 7. g3 f6 8. Nh4 g6 9. Bg2 Bg7 10. 0-0 0-0 11. Re1 Nd4 12. Bxd4 cxd4 13. Nf3 Nb6 1/2-1/2

[Event "Oberliga Ost-B 0809"]
[Site "Germany"]
[Date "2009.03.01"]
[Round "8.6"]
[White "Nothnagel, Markus"]
[Black "August, Christian"]
[Result "1-0"]
[WhiteElo "2255"]
[BlackElo "2137"]
[PlyCount "79"]
[EventDate "2008.10.26"]
[EventType "team-tourn"]
[EventRounds "11"]
[EventCountry "GER"]
[SourceTitle "EXT 2010"]
[Source "ChessBase"]
[SourceDate "2010.11.25"]
[SourceVersion "1"]
[SourceVersionDate "2010.11.25"]
[SourceQuality "1"]
[WhiteTeam "Griesheim"]
[BlackTeam "Erfurt SK II"]
[WhiteTeamCountry "GER"]
[BlackTeamCountry "GER"]

1. b3 d5 2. Bb2 c5 3. e3 Nc6 4. f4 Nf6 5. Nf3 Bg4 6. Bb5 Rc8 7. 0-0 e6 8. d3 Be7 9. Nbd2 0-0 10. Bxc6 Rxc6 11. h3 Bxf3 12. Qxf3 Ne8 13. e4 c4 14. dxc4 dxc4 15. Rfd1 Qb6+ 16. Kh2 cxb3 17. cxb3 f5 18. Be5 fxe4 19. Nxe4 Bf6 20. Nxf6+ Nxf6 21. Rd2 Nd5 22. Qg3 g6 23. Rad1 Qd8 24. Qf2 a6 25. Rd3 Qe7 26. Rf3 Rfc8 27. Ba1 Kf7 28. Rd2 Ke8 29. Bb2 Qc5 30. Bd4 Qe7 31. Be5 b5 32. Rfd3 b4 33. Qf3 Rc2 34. Qe4 Rxd2 35. Rxd2 Qc5 36. Bb2 Qe3 37. Qxe3 Nxe3 38. Re2 Rc2 39. Rxe3 Rxb2 40. Rxe6+ 1-0

[Event "Oberliga Ost-B 0506"]
[Site "Germany"]
[Date "2005.11.13"]
[Round "1"]
[White "Nothnagel, Markus"]
[Black "Rueger, Erhard"]
[Result "0-1"]
[WhiteElo "2243"]
[BlackElo "2202"]
[PlyCount "88"]
[EventDate "2005.11.13"]
[EventType "team-tourn"]
[EventRounds "11"]
[EventCountry "GER"]
[SourceTitle "CBM 109 Extra"]
[Source "ChessBase"]
[SourceDate "2006.01.03"]
[SourceVersion "2"]
[SourceVersionDate "2006.01.03"]
[SourceQuality "1"]

1. b3 Nf6 2. Bb2 g6 3. e4 d6 4. g3 Bg7 5. Bg2 e5 6. Ne2 0-0 7. 0-0 Re8 8. c4 Nbd7 9. Nbc3 Nc5 10. Qc2 Ne6 11. Nd5 c6 12. Ne3 Qb6 13. Rad1 Nd4 14. Qd3 Nd7 15. Rde1 Nc5 16. Qb1 Bd7 17. h3 Rf8 18. Kh2 Rae8 19. f4 Nxe2 20. Rxe2 exf4 21. Bxg7 fxg3+ 22. Kxg3 Kxg7 23. Kh2 Ne6 24. Ref2 h5 25. Qd1 Nd4 26. Qa1 Qc5 27. Kh1 Qe5 28. Qc3 b6 29. b4 Be6 30. Qa3 Re7 31. Qc3 c5 32. a3 Kg8 33. Rf6 Qg5 34. b5 Ne2 35. Qd3 Ng3+ 36. Kh2 Nxf1+ 37. Rxf1 h4 38. Kh1 Qe5 39. Qe2 Kg7 40. Qf2 Qg5 41. a4 f5 42. exf5 Bxf5 43. Nd5 Ref7 44. Qf3 Be4 0-1

[Event "BL2-West 0405"]
[Site "Germany"]
[Date "2005.04.10"]
[Round "9.8"]
[White "Nothnagel, Markus"]
[Black "Matthaei, Alexander"]
[Result "0-1"]
[WhiteElo "2209"]
[BlackElo "2347"]
[PlyCount "82"]
[EventDate "2004.10.13"]
[EventType "team-tourn"]
[EventRounds "9"]
[EventCountry "GER"]
[SourceTitle "EXT 2006"]
[Source "ChessBase"]
[SourceDate "2005.11.24"]
[SourceVersion "1"]
[SourceVersionDate "2005.11.24"]
[SourceQuality "1"]
[WhiteTeam "Griesheim"]
[BlackTeam "Koeln Porz II"]
[WhiteTeamCountry "GER"]
[BlackTeamCountry "GER"]

1. b3 d5 2. Bb2 c5 3. e3 Nc6 4. Bb5 Qb6 5. a4 a6 6. Bxc6+ Qxc6 7. f4 Nf6 8. Nf3 e6 9. 0-0 Be7 10. d3 0-0 11. Nbd2 Qc7 12. Ne5 Ne8 13. Qe2 f6 14. Nef3 Nd6 15. a5 Bd7 16. c4 Rfe8 17. e4 dxe4 18. dxe4 Nf7 19. Qe3 Rad8 20. Bc3 Bc6 21. Rfd1 Rd7 22. Nf1 Red8 23. Rxd7 Qxd7 24. Ne1 e5 25. f5 g6 26. fxg6 hxg6 27. Ng3 Bf8 28. Qf2 Qe7 29. h4 Nd6 30. Qxc5 Nxe4 31. Qxe7 Bxe7 32. Nxe4 Bxe4 33. Kf2 Kf7 34. Ke3 Bc6 35. b4 Ke6 36. Rb1 f5 37. g3 g5 38. hxg5 Bxg5+ 39. Ke2 Rh8 40. Nf3 Bxf3+ 41. Kxf3 Rh2 0-1

[Event "BL2-West 0405"]
[Site "Germany"]
[Date "2005.01.30"]
[Round "6.8"]
[White "Pedersen, Daniel Vesterbaek"]
[Black "Nothnagel, Markus"]
[Result "0-1"]
[WhiteElo "2358"]
[BlackElo "2209"]
[PlyCount "78"]
[EventDate "2004.10.13"]
[EventType "team-tourn"]
[EventRounds "9"]
[EventCountry "GER"]
[SourceTitle "EXT 2006"]
[Source "ChessBase"]
[SourceDate "2005.11.24"]
[SourceVersion "1"]
[SourceVersionDate "2005.11.24"]
[SourceQuality "1"]
[WhiteTeam "Emsdetten Turm"]
[BlackTeam "Griesheim"]
[WhiteTeamCountry "GER"]
[BlackTeamCountry "GER"]

1. e4 e6 2. d4 d5 3. Nc3 Bb4 4. e5 c5 5. a3 Bxc3+ 6. bxc3 Ne7 7. Qg4 Kf8 8. Qd1 b6 9. h4 Ba6 10. Bxa6 Nxa6 11. h5 h6 12. Qd3 Nb8 13. a4 Nbc6 14. Ba3 cxd4 15. cxd4 Na5 16. Rh4 Rc8 17. Rf4 Kg8 18. g4 Nc4 19. Ne2 Nc6 20. Kf1 Rc7 21. Kg2 Qg5 22. Kg3 N6a5 23. Bb4 Nc6 24. Ba3 N6a5 25. Bb4 Nc6 26. Bd2 Nxd2 27. Qxd2 Na5 28. Qd3 Nc4 29. Nc3 f5 30. exf6 gxf6 31. Qe2 Kf7 32. Re1 Re8 33. Rf5 Qg8 34. Rf3 Qg5 35. Nb5 Rce7 36. Rc3 Rg8 37. f4 Qxh5 38. f5 Kf8 39. fxe6 f5 0-1

[Event "BL2-West 0405"]
[Site "Germany"]
[Date "2004.11.28"]
[Round "3.7"]
[White "Nothnagel, Markus"]
[Black "Neidhardt, Claus Ulrich"]
[Result "1/2-1/2"]
[WhiteElo "2209"]
[BlackElo "2421"]
[PlyCount "24"]
[EventDate "2004.10.13"]
[EventType "team-tourn"]
[EventRounds "9"]
[EventCountry "GER"]
[SourceTitle "EXT 2006"]
[Source "ChessBase"]
[SourceDate "2005.11.24"]
[SourceVersion "1"]
[SourceVersionDate "2005.11.24"]
[SourceQuality "1"]
[WhiteTeam "Griesheim"]
[BlackTeam "Remagen"]
[WhiteTeamCountry "GER"]
[BlackTeamCountry "GER"]

1. b3 Nf6 2. Bb2 d5 3. e3 Bf5 4. f4 e6 5. Nf3 Nbd7 6. Be2 h6 7. 0-0 Bc5 8. Ne5 Nxe5 9. fxe5 Ne4 10. d4 Be7 11. Bd3 0-0 12. Nd2 Bg5 1/2-1/2

[Event "Oberliga Ost-B 0304"]
[Site "Germany"]
[Date "2004.01.18"]
[Round "5.7"]
[White "Boehmer, Christian"]
[Black "Nothnagel, Markus"]
[Result "1/2-1/2"]
[WhiteElo "2018"]
[BlackElo "2217"]
[PlyCount "94"]
[EventDate "2003.11.02"]
[EventType "team-tourn"]
[EventRounds "11"]
[EventCountry "GER"]
[SourceTitle "EXT 2005"]
[Source "ChessBase"]
[SourceDate "2004.11.15"]
[SourceVersion "1"]
[SourceVersionDate "2004.11.15"]
[SourceQuality "1"]
[WhiteTeam "Moerlenbach"]
[BlackTeam "Griesheim"]
[WhiteTeamCountry "GER"]
[BlackTeamCountry "GER"]

1. Nf3 d5 2. c4 e6 3. g3 c6 4. Qc2 Nd7 5. Bg2 dxc4 6. Qxc4 Nb6 7. Qc2 g6 8. b3 Bg7 9. Nc3 e5 10. Bb2 Ne7 11. Ne4 f6 12. Rd1 Bf5 13. g4 Bxe4 14. Qxe4 0-0 15. d4 f5 16. gxf5 gxf5 17. Qh4 Ng6 18. Qxd8 Raxd8 19. Nxe5 Nxe5 20. dxe5 Rxd1+ 21. Kxd1 f4 22. Rg1 Kh8 23. Be4 Nd7 24. Rg5 h6 25. Rh5 Re8 26. Bg6 Re7 27. e6 Bxb2 28. Rxh6+ Kg8 29. exd7 Rxd7+ 30. Kc2 Bd4 31. f3 Be3 32. Bd3 Kf8 33. h4 Bd4 34. h5 Rd5 35. Bc4 Bg7 36. Bxd5 Bxh6 37. Be6 Ke7 38. Bc8 b6 39. Kd3 Kf6 40. Bd7 Kg5 41. Be8 Bf8 42. e3 fxe3 43. Kxe3 Bd6 44. Ke4 Bg3 45. Bxc6 Kxh5 46. Kf5 Kh6 47. b4 a5 1/2-1/2